00166nam a2200073Ia 4500008004100000100001300041245002000054260001800074170817s9999 xx 000 0 und d aMishra.L 0aAdult Education bA. P. H. PUB.